000 00674nam0a22002291 4500
001 rc\728803
005 20250622111624.0
035 _a(NLR Aleph) 006259701
090 _a6835483
_c6835483
100 _a20040301d1985 |||y0rusy50 ca
101 0 _arus
102 _aRU
105 _aa |||||||||
200 1 _aУборка колосовых культур в сложных условиях
210 _aМ.
_cРоссельхозиздат
_d1985
215 _a144 с.
_cил.
_d20
700 1 _aОрманджи
_bК.С.
_gКирияк Сергеевич
801 0 _aRU
_bNLR
_gpsbo
801 1 _aRU
_bELAR
_2rusmarc
852 _aNLR
_j85-3/12425
942 _cBOOK
980 _aNB